000
00230nam a2200097Ia 4500
008
230907s9999||||xx |||||||||||||| ||und||
082
_a
333.79,IMP
245
0
_a
Improving energy decisions:
300
_a
xliii, 257p.:
942
_c
BK
999
_c
597521
_d
597521